Microcomputer applications / (Record no. 2347)
[ view plain ]
| 000 -LEADER | |
|---|---|
| fixed length control field | 01049nam a22003012 4500 |
| 001 - CONTROL NUMBER | |
| control field | 0000003974 |
| 005 - DATE AND TIME OF LATEST TRANSACTION | |
| control field | 20151217145747.0 |
| 008 - FIXED-LENGTH DATA ELEMENTS--GENERAL INFORMATION | |
| fixed length control field | 070517s xx 000 0 eng d |
| 020 ## - INTERNATIONAL STANDARD BOOK NUMBER | |
| International Standard Book Number | 0070241503 : |
| Terms of availability | KES 1,170 |
| 040 ## - CATALOGING SOURCE | |
| Original cataloging agency | KABU |
| Transcribing agency | KABU |
| 050 #0 - LIBRARY OF CONGRESS CALL NUMBER | |
| Classification number | QA76.5 |
| Item number | .G683 1987 |
| 100 1# - MAIN ENTRY--PERSONAL NAME | |
| Personal name | Grauer, Robert. |
| -- | 0000154268 |
| 245 10 - TITLE STATEMENT | |
| Title | Microcomputer applications / |
| Statement of responsibility, etc. | Robert Grauer, Paul Sugrue. |
| 250 ## - EDITION STATEMENT | |
| Edition statement | 3rd ed. |
| 260 ## - PUBLICATION, DISTRIBUTION, ETC. (IMPRINT) | |
| Place of publication, distribution, etc. | New York : |
| Name of publisher, distributor, etc. | McGraw-Hill, |
| Date of publication, distribution, etc. | c1987. |
| 300 ## - PHYSICAL DESCRIPTION | |
| Extent | xxiii, 551 p. |
| 650 #0 - SUBJECT ADDED ENTRY--TOPICAL TERM | |
| Topical term or geographic name as entry element | Microcomputers. |
| -- | 0000154269 |
| 700 1# - ADDED ENTRY--PERSONAL NAME | |
| Personal name | Sugrue, Paul. |
| -- | 0000154270 |
| 908 ## - PUT COMMAND PARAMETER (RLIN) | |
| Put command parameter | 070517 |
| 950 ## - LOCAL HOLDINGS (RLIN) | |
| -- | 1 |
| Withdrawn status | Lost status | Source of classification or shelving scheme | Not for loan | Home library | Current library | Date acquired | Total Checkouts | Full call number | Barcode | Date last seen | Price effective from | Koha item type | Date last checked out |
|---|---|---|---|---|---|---|---|---|---|---|---|---|---|
| Library of Congress Classification | Kabarak, Main Campus | Kabarak, Main Campus | 17/12/2015 | QA76.5 .G683 1987 | 002689 | 17/12/2015 | 17/12/2015 | General Collection | |||||
| Library of Congress Classification | Kabarak, Main Campus | Kabarak, Main Campus | 17/12/2015 | QA76.5 .G683 1987 | 002690 | 17/12/2015 | 17/12/2015 | General Collection | |||||
| Library of Congress Classification | Kabarak, Main Campus | Kabarak, Main Campus | 17/12/2015 | QA76.5 .G683 1987 | 002691 | 17/12/2015 | 17/12/2015 | General Collection | |||||
| Library of Congress Classification | Kabarak, Main Campus | Kabarak, Main Campus | 17/12/2015 | QA76.5 .G683 1987 | 002692 | 17/12/2015 | 17/12/2015 | General Collection | |||||
| Library of Congress Classification | Kabarak, Main Campus | Kabarak, Main Campus | 17/12/2015 | QA76.5 .G683 1987 | 002693 | 17/12/2015 | 17/12/2015 | General Collection | |||||
| Library of Congress Classification | Kabarak, Main Campus | Kabarak, Main Campus | 17/12/2015 | 1 | QA76.5 .G683 1987 | 002694 | 10/12/2019 | 17/12/2015 | General Collection | 05/12/2019 | |||
| Library of Congress Classification | Kabarak, Main Campus | Kabarak, Main Campus | 17/12/2015 | 1 | QA76.5 .G683 1987 | 002695 | 14/11/2019 | 17/12/2015 | General Collection | 05/11/2019 |